000 00482cam a2200205ua 4500
001 10014
005 20260515114544.0
008 170315n ii |||gr||||Z||||||eng
020 _a9788123710358
040 _cMAIN
041 _aeng
082 _a641.3
100 _aAchaya, K.T.,
_eAuthor.
245 _aEveryday Indian processed foods
_cBy K.T. Achaya
250 _a5th rep.
260 _aNew Delhi:
_bNBT,
_c2011.
300 _a184p.
653 _aFood & drink
942 _cBK
999 _c9005
_d9005